000
00436nam a2200145Ia 4500
008
100122s9999 xx 000 0 und d
082
_b
22922
_a
823.08
100
_a
बनहट्टी राजेंद्र
245
_a
शंभूराव
260
_b
इनामदार बंधु प्रकाशन
_c
1976
300
_a
99
630
_a
शंभूराव
730
_a
शंभूराव
942
_c
BOOK
999
_c
410580
_d
410577